[Event "Bizovac Metalis op 14th"]
[Site "Bizovac"]
[Date "2007.02.22"]
[Round "2"]
[White "Egerc, Josip"]
[Black "Mrkonjic, Nenad"]
[Result "1/2-1/2"]
[WhiteElo "2109"]
[BlackElo "2382"]
[PlyCount "299"]
[EventDate "2007.02.22"]
[EventType "swiss"]
[EventRounds "7"]
[EventCountry "CRO"]
[SourceTitle "CBM 116 Extra"]
[Source "ChessBase"]
[SourceDate "2007.03.07"]
[SourceVersion "1"]
[SourceVersionDate "2007.03.07"]
[SourceQuality "1"]

1. e4 c6 2. d4 d5 3. Nc3 dxe4 4. Nxe4 Bf5 5. Ng3 Bg6 6. Nf3 Nd7 7. h4 h6 8. Bd3 Bxd3 9. Qxd3 e6 10. Be3 Ngf6 11. 0-0-0 Bd6 12. Ne4 Nxe4 13. Qxe4 Nf6 14. Qd3 Qc7 15. Kb1 0-0-0 16. Rhe1 Qa5 17. Qb3 Qb5 18. Qxb5 cxb5 19. c3 b6 20. Re2 Kb7 21. Nd2 Rc8 22. f3 Nd5 23. Ne4 Be7 24. g3 b4 25. cxb4 Bxb4 26. a3 Be7 27. Bf2 Rc6 28. Rc1 h5 29. Rxc6 Kxc6 30. Rc2+ Kd7 31. Nc3 Nxc3+ 32. bxc3 g5 33. hxg5 Bxg5 34. Kb2 Rg8 35. Be1 Be7 36. Rh2 Rg5 37. a4 Kc6 38. Kb3 Rf5 39. f4 Kd5 40. Re2 Bd6 41. Bd2 Kc6 42. c4 a6 43. Bb4 Bc7 44. Bd2 Bd8 45. Kc2 Bc7 46. Kd3 b5 47. axb5+ axb5 48. cxb5+ Rxb5 49. Be1 Rb3+ 50. Kc4 Rb1 51. Bf2 Rc1+ 52. Kd3 Kd5 53. Rb2 Rd1+ 54. Ke3 Kc6 55. Rc2+ Kd6 56. Rc5 f5 57. Rb5 Ra1 58. Ke2 Ra2+ 59. Ke3 Kc6 60. Rc5+ Kd7 61. Rb5 Ra3+ 62. Ke2 Kd6 63. Be1 Ra2+ 64. Kd3 Ra1 65. Ke2 Ra6 66. Bb4+ Kc6 67. Rc5+ Kd7 68. Rc2 Ra4 69. Bc5 Ra1 70. Kf3 Rb1 71. Kg2 Rb3 72. Bf8 Ba5 73. Re2 Rd3 74. Bg7 Bd2 75. Be5 Bb4 76. Bf6 Rd1 77. Kh3 Kd6 78. Bg7 Ba5 79. Bf8+ Kd7 80. Bg7 Bd8 81. Kg2 Rd3 82. Re1 h4 83. gxh4 Bxh4 84. Rh1 Rg3+ 85. Kf1 Rf3+ 86. Ke2 Rxf4 87. Be5 Rg4 88. Rb1 Bg3 89. Bxg3 Rxg3 90. Rb5 Kd6 91. Ra5 Rb3 92. Kd2 Rh3 93. Ke2 f4 94. Rb5 Re3+ 95. Kd2 Ke7 96. Rb6 Ra3 97. Ke2 Kd7 98. Kd2 f3 99. Ke1 Ra2 100. Rb3 f2+ 101. Kf1 Kc6 102. Re3 Kd5 103. Re5+ Kd6 104. Re3 Rd2 105. Re4 Ke7 106. d5 Rxd5 107. Kxf2 Kf6 108. Ke3 Ra5 109. Rf4+ Ke7 110. Rb4 Ra3+ 111. Ke4 Kf6 112. Rb5 Rh3 113. Kf4 Rh4+ 114. Kg3 Rh1 115. Kg2 Ra1 116. Kf3 Ke7 117. Ke4 Re1+ 118. Kf3 Kd6 119. Ra5 Rb1 120. Ke2 Rb3 121. Kd2 Rh3 122. Ke2 Ke7 123. Ra7+ Kf6 124. Ra5 e5 125. Ra7 Kf5 126. Ra4 Rh2+ 127. Ke1 e4 128. Ra3 Kf4 129. Rb3 Ra2 130. Rc3 Ke5 131. Rb3 Kd4 132. Rh3 Ra1+ 133. Ke2 Rg1 134. Rb3 Rg2+ 135. Ke1 Ke5 136. Ra3 Kf4 137. Rb3 Rg8 138. Ra3 Rd8 139. Rb3 Rd4 140. Ra3 Rb4 141. Rc3 Ra4 142. Rb3 Ke5 143. Rc3 Kd4 144. Rb3 Ra5 145. Ke2 Ra2+ 146. Ke1 Ke5 147. Rc3 Kf4 148. Rb3 Rh2 149. Ra3 e3 150. Ra8 1/2-1/2